| 000 | 01533nam a22002534a 4500 | ||
|---|---|---|---|
| 005 | 20100508161748.0 | ||
| 008 | 080216s2008 ii a e 001 0 eng | ||
| 020 |
_a9788181310088 (set) _c2850.00(set) |
||
| 037 | _bPUB | ||
| 040 |
_adpl _bEnglish |
||
| 245 |
_aEncyclopedia of India : _bcomprehensive coverage of India into the 21st Century |
||
| 260 |
_aNew Delhi : _bEncyclopaedia Britannica (India) Pvt. Ltd., _c2008 |
||
| 300 |
_a5 v (362p.; 367p.; 383p.; 377p.; 425p.) _bill. (chiefly col.) ; _c25 cm(Hb) |
||
| 500 | _aIncludes index | ||
| 505 | _av. 1. A to C -- v. 2. D to H -- v. 3. I to Mira Bai -- v. 4. Miraj to Shastri -- v. 5. Shath to Z, index. | ||
| 651 |
_aIndia _vEncyclopedias. |
||
| 710 | _aEncyclopaedia Britannica (India) Pvt. Ltd. | ||
| 942 |
_2ddc _cEN _mENC |
||
| 999 |
_c35857 _d35857 |
||